Dyanmics of Social Psychology/ (Record no. 188110)

MARC details
000 -LEADER
fixed length control field 00626 a2200181 4500
005 - DATE AND TIME OF LATEST TRANSACTION
control field 20220510151825.0
010 ## - LCCN (DPL NO)
LC control number ENG-132581
020 ## - INTERNATIONAL STANDARD BOOK NUMBER
International Standard Book Number 9789385981517
Terms of availability 500.00
035 ## - SYSTEM CONTROL NUMBER
System control number EN-116113
037 ## - SOURCE OF ACQUISITION
Source of stock number/acquisition DBAD/PUB
082 ## - DEWEY DECIMAL CLASSIFICATION NUMBER
Classification number 302
Item number 1
100 ## - MAIN ENTRY--PERSONAL NAME
Personal name Raghunandan Prasad
245 ## - TITLE STATEMENT
Title Dyanmics of Social Psychology/
Statement of responsibility, etc Raghunandan prasad singh
260 ## - PUBLICATION, DISTRIBUTION, ETC. (IMPRINT)
Place of publication, distribution, etc New Delhi
Name of publisher, distributor, etc Satyam Publishing House
Date of publication, distribution, etc 2017
270 ## - ADDRESS
Address N-3/25,Mohan Garden, Uttam Nagar , New Delhi -110059
City New Delhi
Postal code 110059
Telephone number 9899665801
Electronic mail address satyampub_2006@yahoo.com
300 ## - PHYSICAL DESCRIPTION
Extent 168p.
Dimensions 22cm (pbk)
Other physical details Bibliography
942 ## - ADDED ENTRY ELEMENTS (KOHA)
Institution code [OBSOLETE] dpl
Item type English Books
Source of classification or shelving scheme Dewey Decimal Classification
Classification part 302
Call number suffix RAG
Holdings
Withdrawn status Lost status Not for loan Collection code Home library Current library Date acquired Source of acquisition Cost, normal purchase price Full call number Koha item type Barcode Copy number Cost, replacement price
    Not For Loan Non-fiction D.B.Act.Division D.B.Act.Division 10/05/2022 DBAD/PUB 500.00 133.05 GAR English Books      
      Non-fiction Patel Nagar Patel Nagar 10/05/2022 DBAD/PUB 500.00 302 RAG English Books EN-116113 1 500.00

© Delhi Public Library
Hit Counter
free hit counter